00000000nam##2200000za#4500
0019.516410
003CaOODSP
00520200331220757
007ta
008150406|1992||||xxc|||||     f|0| 0 eng|d
020 |a0-660-57486-1
022 |a0706-148X
040 |aCaOODSP|beng
041 |aeng
041 |afre
043 |an-cn---
0861 |aS52-2/209-1992
1101 |aCanada.|bSecretary of State of Canada. |bTranslation Bureau.
24510|aCanadian Quaternary vocabulary / |cby Chantal Cormier.
260 |aOttawa - Ontario : |bSecretary of State of Canada. |c1992.
300 |a154p. : |c22 cm.
4901 |aTerminology bulletin|x0706-148X|v209
500 |aJoint project of the Geological Survey of Canada and the Department of the Secretary of State of Canada. "This vocabulary contains terms relating to the Quaternary as well as to several Earth Sciences fields (geology, geomorphology, stratigraphy, sedimentology, and geochronology). English and French definitions have been included for about a third of the vocabulary's entries."--Page x. "Related to the Geology of Canada collection.... The vocabulary complements the first volume of the collection, entitled Quaternary Geology of Canada and Greenland."--Foreword.
504 |aBibliography.
5203 |aTerminology Bulletin 209. Joint project of the Geological Survey of Canada and the Department of the Secretary of State of Canada. This vocabulary contains terms relating to the Quaternary as well as to several Earth Sciences fields (geology, geomorphology, stratigraphy, sedimentology, and geochronology). English and French definitions have been included for about a third of the vocabulary's entries. Related to the "Geology of Canada" collection. The vocabulary complements the first volume of the collection, entitled "Quaternary Geology of Canada and Greenland.
546 |aBilingual
563 |aSoftcover
590 |a93-05|b1993-02-05
69007|aGeology|2gcpds
69007|aTerminology|2gcpds
7201 |aCormier, Chantal
7760#|tVocabulaire canadien du Quaternaire / |w(CaOODSP)9.590512
792 |tVocabulaire canadien du Quaternaire / |efre|w(CaOODSP)9.516411
830#0|aTerminology bulletin,|x0706-148X|v209|w(CaOODSP)9.509598